[Event "Nordic-ch Seniors"]
[Site "Sarpsborg"]
[Date "2019.06.22"]
[Round "3"]
[White "Lunde, Sigmund"]
[Black "Thorvlaksson, Baldvin"]
[Result "1/2-1/2"]
[WhiteElo "1834"]
[BlackElo "1523"]
[PlyCount "126"]
[EventDate "2019.06.21"]
[EventType "swiss"]
[EventRounds "9"]
[EventCountry "NOR"]
[SourceTitle "EXT 2020"]
[Source "ChessBase"]
[SourceDate "2019.10.17"]
[SourceVersion "1"]
[SourceVersionDate "2019.10.17"]
[SourceQuality "1"]

1. e4 c5 2. Nf3 d6 3. Nc3 Nc6 4. d4 cxd4 5. Nxd4 Nf6 6. Be2 e6 7. 0-0 Be7 8. Be3 a6 9. Rb1 Bd7 10. f4 b5 11. a3 Nxd4 12. Qxd4 Bc6 13. Rbd1 d5 14. e5 Nd7 15. b4 Rb8 16. Bg4 Nb6 17. f5 Bd7 18. fxe6 Bxe6 19. Bxe6 fxe6 20. Qg4 Nc4 21. Bd4 Qd7 22. Qxg7 Rf8 23. Qxh7 Kd8 24. Rxf8+ Bxf8 25. Qxd7+ Kxd7 26. Nb1 Bh6 27. Rd3 Rg8 28. Rf3 Rg7 29. Kf2 Ke7 30. h3 Rf7 31. g4 Rf4 32. Rxf4 Bxf4 33. Kf3 Bxe5 34. Bxe5 Nxe5+ 35. Ke3 Nc4+ 36. Kd4 Kd6 37. g5 e5+ 38. Kd3 e4+ 39. Kd4 Ke6 40. g6 Kf6 41. Nc3 Nxa3 42. Nxd5+ Kxg6 43. Ne3 Kg5 44. Kxe4 Kh4 45. Kd3 Kxh3 46. Nd5 Kg3 47. Nc7 Kf4 48. Nxa6 Ke5 49. Nc5 Kd5 50. Kc3 Nb1+ 51. Kb2 Nd2 52. Nb3 Nc4+ 53. Kc3 Nb6 54. Nd2 Na4+ 55. Kb3 Nb6 56. c3 Nc8 57. Kc2 Nd6 58. Kd3 Ne8 59. Nf1 Ke5 60. Ne3 Nf6 61. c4 bxc4+ 62. Kxc4 Kd6 63. b5 Nd7 1/2-1/2

[Event "Helsingor Xtracon op"]
[Site "Helsingor"]
[Date "2018.07.25"]
[Round "6"]
[White "Lunde, Sigmund"]
[Black "Langvik, Ulrikke"]
[Result "1-0"]
[WhiteElo "1863"]
[BlackElo "1640"]
[PlyCount "45"]
[EventDate "2018.07.21"]
[EventType "swiss"]
[EventRounds "10"]
[EventCountry "DEN"]
[SourceTitle "CBM 185 Extra"]
[Source "ChessBase"]
[SourceDate "2018.07.29"]
[SourceVersion "1"]
[SourceVersionDate "2018.07.29"]
[SourceQuality "1"]

1. d4 e6 2. Nf3 f5 3. Nc3 Nf6 4. a3 b6 5. d5 Bd6 6. e4 fxe4 7. Ng5 e5 8. Bc4 Ba6 9. Qe2 Bxc4 10. Qxc4 0-0 11. 0-0 a5 12. Ngxe4 h6 13. Nxd6 cxd6 14. Nb5 Qe7 15. Be3 Na6 16. Bxb6 Rfc8 17. Qe2 Nxd5 18. Bxa5 Nf4 19. Qf3 Rab8 20. a4 Rxc2 21. Qb3+ d5 22. Qxc2 Qg5 23. f3 1-0

[Event "Helsingor Xtracon op"]
[Site "Helsingor"]
[Date "2018.07.24"]
[Round "5"]
[White "Kleimark, Anders Ludvig"]
[Black "Lunde, Sigmund"]
[Result "1-0"]
[WhiteElo "2024"]
[BlackElo "1863"]
[PlyCount "51"]
[EventDate "2018.07.21"]
[EventType "swiss"]
[EventRounds "10"]
[EventCountry "DEN"]
[SourceTitle "CBM 185 Extra"]
[Source "ChessBase"]
[SourceDate "2018.07.29"]
[SourceVersion "1"]
[SourceVersionDate "2018.07.29"]
[SourceQuality "1"]

1. d4 d5 2. c4 c6 3. Nf3 Nf6 4. e3 g6 5. Nc3 Bg7 6. Be2 Nbd7 7. cxd5 cxd5 8. Qb3 Qb6 9. Nxd5 Nxd5 10. Qxd5 Qb4+ 11. Bd2 Qxb2 12. 0-0 a6 13. Rfc1 Nf6 14. Qe5 Qb6 15. Rab1 Qe6 16. Qa5 0-0 17. Rb6 Qd5 18. Qa3 Nd7 19. Rbb1 Bf6 20. Bc4 Qe4 21. Bd3 Qd5 22. e4 Qd6 23. Bb4 Qf4 24. e5 Bg7 25. h3 Re8 26. Bd2 1-0

[Event "Helsingor Xtracon op"]
[Site "Helsingor"]
[Date "2017.07.25"]
[Round "5"]
[White "Lunde, Sigmund"]
[Black "Skjolingstad, Sverre"]
[Result "0-1"]
[WhiteElo "1932"]
[BlackElo "1644"]
[PlyCount "84"]
[EventDate "2017.07.22"]
[EventType "swiss"]
[EventRounds "10"]
[EventCountry "DEN"]
[SourceTitle "CBM 179 Extra"]
[Source "ChessBase"]
[SourceDate "2017.08.23"]
[SourceVersion "1"]
[SourceVersionDate "2017.08.23"]
[SourceQuality "1"]

1. d4 Nf6 2. Nf3 c5 3. d5 g6 4. c4 b5 5. e3 Bg7 6. Bd3 Bb7 7. 0-0 0-0 8. Re1 bxc4 9. Bxc4 d6 10. Nc3 Nbd7 11. e4 Ng4 12. h3 Nge5 13. Be2 Nxf3+ 14. Bxf3 Ba6 15. Be2 Bxe2 16. Rxe2 Qa5 17. Bd2 Rab8 18. Qc1 Ne5 19. b3 Nd3 20. Qc2 Nb4 21. Qd1 Qa6 22. Be1 Nd3 23. Bd2 c4 24. Rb1 cxb3 25. Rxb3 Rxb3 26. axb3 Rc8 27. Na4 Qb5 28. Be3 Bd4 29. Kh2 Be5+ 30. g3 Nc1 31. Rc2 Rxc2 32. Qxc2 Nxb3 33. Qc8+ Kg7 34. Nc3 Qd3 35. Na4 Nd4 36. Qd7 Nf3+ 37. Kg2 Ne1+ 38. Kg1 Bxg3 39. Qxe7 Be5 40. Qxa7 Nf3+ 41. Kg2 Nh4+ 42. Kg1 Qd1# 0-1

[Event "Helsingor Xtracon op"]
[Site "Helsingor"]
[Date "2016.07.29"]
[Round "8"]
[White "Yilmaz, Kazim"]
[Black "Lunde, Sigmund"]
[Result "0-1"]
[WhiteElo "1542"]
[BlackElo "1894"]
[PlyCount "152"]
[EventDate "2016.07.23"]
[EventType "swiss"]
[EventRounds "10"]
[EventCountry "DEN"]
[SourceTitle "CBM 173 Extra"]
[Source "ChessBase"]
[SourceDate "2016.08.29"]
[SourceVersion "1"]
[SourceVersionDate "2016.08.29"]
[SourceQuality "1"]

1. e4 c5 2. Nc3 d6 3. Nf3 Nc6 4. Bc4 e6 5. d4 cxd4 6. Nxd4 Bd7 7. Ndb5 Ne5 8. Be2 Bc6 9. Bf4 a6 10. Nd4 Bd7 11. Nf3 Qc7 12. 0-0 Nf6 13. Qd2 Bc6 14. Qe3 b5 15. a3 Be7 16. Nxe5 dxe5 17. Bg3 0-0 18. Kh1 Qb7 19. Bxe5 Nxe4 20. Nxe4 Bxe4 21. Bf3 Bxf3 22. Qxf3 Qxf3 23. gxf3 Rfd8 24. Rfd1 f6 25. Bf4 Rac8 26. c3 Rxd1+ 27. Rxd1 Rd8 28. Rxd8+ Bxd8 29. Be3 Be7 30. f4 Kf7 31. Kg2 Kg6 32. Kf3 Kf5 33. h3 Bd6 34. Bd2 h6 35. Be3 g6 36. h4 h5 37. Bd2 e5 38. fxe5 fxe5 39. Bg5 e4+ 40. Ke3 Bc5+ 41. Ke2 Ke5 42. f3 Kd5 43. fxe4+ Kxe4 44. Kd2 Bd6 45. Kc2 Kf5 46. Kb3 Bf4 47. Bd8 g5 48. hxg5 Bxg5 49. Bc7 h4 50. Bh2 Bf4 51. Bg1 Kg4 52. c4 bxc4+ 53. Kxc4 Bc1 54. Kd3 Bxb2 55. Ke2 Bxa3 56. Kf1 a5 57. Bd4 a4 58. Kg2 Be7 59. Bb2 Kf4 60. Kh3 Ke3 61. Bc1+ Kd3 62. Bb2 Kc2 63. Bd4 a3 64. Ba1 Bb4 65. Kxh4 Bc3 66. Bxc3 Kxc3 67. Kg3 a2 68. Kf3 a1Q 69. Ke3 Qe1+ 70. Kf4 Kd4 71. Kg5 Qf2 72. Kg6 Ke5 73. Kg7 Qf6+ 74. Kg8 Qe7 75. Kh8 Kf6 76. Kg8 Qg7# 0-1

[Event "Helsingor Xtracon op"]
[Site "Helsingor"]
[Date "2016.07.26"]
[Round "5"]
[White "Lunde, Sigmund"]
[Black "Nielsen, Klaus"]
[Result "0-1"]
[WhiteElo "1894"]
[BlackElo "2089"]
[PlyCount "76"]
[EventDate "2016.07.23"]
[EventType "swiss"]
[EventRounds "10"]
[EventCountry "DEN"]
[SourceTitle "CBM 173 Extra"]
[Source "ChessBase"]
[SourceDate "2016.08.29"]
[SourceVersion "1"]
[SourceVersionDate "2016.08.29"]
[SourceQuality "1"]

1. e4 d5 2. Nc3 d4 3. Nce2 e5 4. d3 Nc6 5. f4 Be7 6. fxe5 Nxe5 7. Bf4 Ng6 8. Bg3 h5 9. Nf3 c5 10. h3 Be6 11. Qd2 a5 12. c3 Nf6 13. a3 dxc3 14. Nxc3 0-0 15. Be2 Qd7 16. Ng5 Bb3 17. e5 Nd5 18. Bxh5 Nxc3 19. Qxc3 Bxg5 20. Qxb3 Nxe5 21. Bxe5 Rae8 22. 0-0 Rxe5 23. Bf3 b5 24. Qc3 Qc7 25. Kh1 Re6 26. d4 c4 27. Bg4 Re3 28. Qc2 Qd6 29. Qf5 Bd8 30. Qf4 Qe7 31. Rf3 Re4 32. Qf5 Rxd4 33. Qxb5 Bc7 34. Raf1 Qd6 35. g3 g6 36. Qg5 Bd8 37. Qb5 f5 38. h4 Rxg4 0-1

[Event "Helsingor Xtracon op"]
[Site "Helsingor"]
[Date "2016.07.24"]
[Round "3"]
[White "Lunde, Sigmund"]
[Black "Wadtland, Flemming"]
[Result "1-0"]
[WhiteElo "1894"]
[BlackElo "1504"]
[PlyCount "105"]
[EventDate "2016.07.23"]
[EventType "swiss"]
[EventRounds "10"]
[EventCountry "DEN"]
[SourceTitle "CBM 173 Extra"]
[Source "ChessBase"]
[SourceDate "2016.08.29"]
[SourceVersion "1"]
[SourceVersionDate "2016.08.29"]
[SourceQuality "1"]

1. e4 e5 2. Nf3 Nc6 3. Bc4 Bc5 4. 0-0 Nf6 5. Nc3 0-0 6. d3 Re8 7. Ng5 Rf8 8. Na4 Be7 9. f4 Na5 10. fxe5 Nxc4 11. exf6 Bxf6 12. Nxh7 Kxh7 13. Qh5+ Kg8 14. dxc4 d6 15. Bd2 Re8 16. Rae1 Qd7 17. Nc3 Qg4 18. Qd5 Re5 19. Qd3 Bd7 20. Nd5 Bg5 21. Bc3 Rxd5 22. Qxd5 Be6 23. Qxb7 Rd8 24. b3 Rd7 25. Qxa7 Bh4 26. Qe3 Bxe1 27. Rxe1 c6 28. Qf3 d5 29. cxd5 Qxf3 30. gxf3 cxd5 31. Kf2 d4 32. Bb2 Rd8 33. Rd1 Rc8 34. Rd2 f5 35. Bxd4 Rd8 36. Ke3 Rd7 37. c4 fxe4 38. fxe4 Rb7 39. Bc5 Kf7 40. Bd6 Kf6 41. Rf2+ Kg6 42. Kd4 Rd7 43. Kc5 Ra7 44. b4 Ra8 45. Kd4 Ra4 46. Rb2 Bf7 47. c5 Bxa2 48. Ke5 Bc4 49. c6 Bb5 50. Kd5 Ra6 51. Rc2 Ra8 52. Rc5 Ba6 53. Ra5 1-0

[Event "Politiken Cup 37th"]
[Site "Helsingor"]
[Date "2015.07.31"]
[Round "8"]
[White "Lunde, Sigmund"]
[Black "Maselli, Daniel"]
[Result "1-0"]
[WhiteElo "1898"]
[BlackElo "1717"]
[PlyCount "85"]
[EventDate "2015.07.25"]
[EventType "swiss"]
[EventRounds "10"]
[EventCountry "DEN"]
[SourceTitle "CBM 167 Extra"]
[Source "ChessBase"]
[SourceDate "2015.09.14"]
[SourceVersion "1"]
[SourceVersionDate "2015.09.14"]
[SourceQuality "1"]

1. c4 f5 2. Nf3 Nf6 3. Nc3 g6 4. d4 Bg7 5. Bf4 0-0 6. e3 d6 7. Bd3 a6 8. h3 Qe8 9. Qd2 Nbd7 10. d5 Nc5 11. Bc2 e5 12. dxe6 Bxe6 13. Qe2 Bd7 14. 0-0 Bc6 15. Nd4 Nce4 16. Nxe4 Nxe4 17. Nxc6 Qxc6 18. Bd3 Rfe8 19. Rac1 Re6 20. Rfd1 Rae8 21. c5 d5 22. Qc2 Kh8 23. Qb3 Bf8 24. Qa3 b5 25. b4 Bg7 26. Qb3 Qb7 27. c6 Rxc6 28. Bxe4 dxe4 29. Qf7 Rf8 30. Qe7 Rxc1 31. Rxc1 Qd5 32. Rxc7 Qg8 33. Be5 Rf7 34. Qxf7 Qxf7 35. Rxf7 Bxe5 36. Ra7 Bc3 37. a3 a5 38. Rxa5 Bb2 39. Rxb5 Bxa3 40. Rb7 Bb2 41. b5 Be5 42. b6 h6 43. Re7 1-0

[Event "Politiken Cup 37th"]
[Site "Helsingor"]
[Date "2015.07.27"]
[Round "4"]
[White "Lunde, Sigmund"]
[Black "Tryggestad, Linnea Garberg"]
[Result "1-0"]
[WhiteElo "1898"]
[BlackElo "1422"]
[PlyCount "113"]
[EventDate "2015.07.25"]
[EventType "swiss"]
[EventRounds "10"]
[EventCountry "DEN"]
[SourceTitle "CBM 167 Extra"]
[Source "ChessBase"]
[SourceDate "2015.09.14"]
[SourceVersion "1"]
[SourceVersionDate "2015.09.14"]
[SourceQuality "1"]

1. b3 c6 2. Nf3 d5 3. Bb2 Bf5 4. e3 e6 5. Be2 Nf6 6. c4 Nbd7 7. 0-0 Bd6 8. d4 0-0 9. Nbd2 Re8 10. Ne5 Qc7 11. f4 Rac8 12. g4 Bg6 13. f5 exf5 14. gxf5 Bxf5 15. Rxf5 Nxe5 16. c5 Qd7 17. Rg5 h6 18. Rg2 Qh3 19. cxd6 Qxe3+ 20. Kh1 Nd3 21. Bxd3 Qxd3 22. Qf1 Qxf1+ 23. Rxf1 Re6 24. Ba3 Rd8 25. Nf3 Ne8 26. Ne5 f6 27. Ng4 Kh7 28. Rfg1 Nxd6 29. Bxd6 Rexd6 30. Re2 R6d7 31. b4 Rf7 32. Re6 Rdd7 33. Rg3 Rfe7 34. Rge3 Rxe6 35. Rxe6 Kg6 36. Ne5+ Kf5 37. Nxd7 Kxe6 38. Nc5+ Kf5 39. Nxb7 Ke4 40. Na5 Kxd4 41. Nxc6+ Kc4 42. a4 d4 43. Kg2 d3 44. Kf2 Kc3 45. Ke1 f5 46. b5 Kc4 47. Kd2 Kc5 48. Kxd3 Kb6 49. Kc4 f4 50. a5+ Kb7 51. Nd4 g5 52. Kd5 a6 53. b6 g4 54. Ke4 f3 55. Nxf3 gxf3 56. Kxf3 Kc6 57. Kg4 1-0

[Event "Politiken Cup 36th"]
[Site "Helsingor"]
[Date "2014.07.26"]
[Round "7"]
[White "Lunde, Sigmund"]
[Black "Nielsen, Klaus"]
[Result "1-0"]
[WhiteElo "1879"]
[BlackElo "2067"]
[PlyCount "111"]
[EventDate "2014.07.21"]
[EventType "swiss"]
[EventRounds "10"]
[EventCountry "DEN"]
[SourceTitle "CBM 161 Extra"]
[Source "ChessBase"]
[SourceDate "2014.08.29"]
[SourceVersion "1"]
[SourceVersionDate "2014.08.29"]
[SourceQuality "1"]

1. d4 d5 2. Nf3 e6 3. g3 c5 4. c3 Nc6 5. Bg2 Nf6 6. 0-0 Be7 7. b3 0-0 8. Ne5 Nxe5 9. dxe5 Nd7 10. f4 f6 11. exf6 Bxf6 12. e4 dxe4 13. Bxe4 Qc7 14. Bb2 e5 15. f5 Bg5 16. Qe2 Nf6 17. Bg2 Bd7 18. c4 Rae8 19. Nc3 Qc8 20. h4 Bh6 21. g4 Nxg4 22. Qxg4 Be3+ 23. Kh1 Bxf5 24. Qe2 Bd4 25. Rae1 g6 26. Nd1 Qd8 27. Bd5+ Kg7 28. Qh2 e4 29. Ne3 Qf6 30. Re2 b6 31. b4 h5 32. bxc5 bxc5 33. Rg2 Kh7 34. Bxd4 cxd4 35. Nxf5 gxf5 36. Rg5 f4 37. Qe2 f3 38. Bxe4+ Kh6 39. Rxf3 Qxf3+ 40. Bxf3 Rxe2 41. Rxh5+ Kg6 42. Rg5+ Kf6 43. Bxe2 Re8 44. Rg2 Kf5 45. Bd3+ Kf4 46. h5 Re3 47. Kh2 Re5 48. Bg6 d3 49. h6 Ke3 50. Rg3+ Kf4 51. Rxd3 Re2+ 52. Kh3 Re1 53. h7 Rh1+ 54. Kg2 Rh6 55. Rd6 Ke5 56. c5 1-0

[Event "Politiken Cup 36th"]
[Site "Helsingor"]
[Date "2014.07.21"]
[Round "1"]
[White "Lunde, Sigmund"]
[Black "Rosenkilde, Alexander"]
[Result "0-1"]
[WhiteElo "1879"]
[BlackElo "2255"]
[PlyCount "76"]
[EventDate "2014.07.21"]
[EventType "swiss"]
[EventRounds "10"]
[EventCountry "DEN"]
[SourceTitle "CBM 161 Extra"]
[Source "ChessBase"]
[SourceDate "2014.08.29"]
[SourceVersion "1"]
[SourceVersionDate "2014.08.29"]
[SourceQuality "1"]

1. e4 c5 2. Nc3 Nc6 3. f4 e6 4. Nf3 d5 5. d3 Be7 6. Bd2 Nf6 7. g3 0-0 8. Bg2 Rb8 9. a4 a6 10. e5 Nd7 11. 0-0 b5 12. axb5 axb5 13. Qe2 b4 14. Nd1 Qb6 15. c4 bxc3 16. bxc3 Ba6 17. Kh1 Na5 18. Nf2 Nb3 19. Rab1 Qa5 20. Be1 Qa3 21. Bd2 Rb6 22. f5 exf5 23. Bg5 Re8 24. Bf4 Bb7 25. Qc2 g6 26. Nd2 Nxd2 27. Rxb6 Nxb6 28. Bxd2 Bd8 29. d4 Ba6 30. Rb1 Bc4 31. Nd3 cxd4 32. cxd4 Qxd3 33. Qb2 Na4 34. Qb4 Ba5 35. Qxa5 Qxb1+ 36. Be1 Nb2 37. Qb4 Qc1 38. h4 Nd3 0-1

[Event "NOR-ch Class2"]
[Site "Lillehammer"]
[Date "2013.06.29"]
[Round "5"]
[White "Lunde, Sigmund"]
[Black "Wister, Tom R"]
[Result "1-0"]
[WhiteElo "1705"]
[BlackElo "1609"]
[PlyCount "67"]
[EventDate "2013.06.29"]
[EventType "swiss"]
[EventRounds "9"]
[EventCountry "NOR"]
[SourceTitle "EXT 2017"]
[Source "ChessBase"]
[SourceDate "2016.10.25"]
[SourceVersion "1"]
[SourceVersionDate "2016.10.25"]
[SourceQuality "1"]

1. e4 e6 2. Nf3 d5 3. exd5 exd5 4. d4 Bd6 5. Bd3 Nf6 6. h3 0-0 7. g4 Re8+ 8. Be3 Ne4 9. Nbd2 Nxd2 10. Qxd2 Nd7 11. 0-0-0 c6 12. Rde1 b5 13. Bf4 Bxf4 14. Rxe8+ Qxe8 15. Qxf4 Nf8 16. Re1 Be6 17. Ng5 Qd7 18. Qg3 f6 19. Nxe6 Nxe6 20. Bf5 Re8 21. Rxe6 Rxe6 22. Bxe6+ Qxe6 23. Qb8+ Kf7 24. Qxa7+ Kg6 25. b3 Qe1+ 26. Kb2 Qxf2 27. a4 bxa4 28. bxa4 Qd2 29. Qb6 h5 30. a5 hxg4 31. hxg4 Qe2 32. a6 c5 33. a7 Qe3 34. Qxc5 1-0

[Event "NOR-ch Class2"]
[Site "Lillehammer"]
[Date "2013.06.29"]
[Round "2"]
[White "Suntharalingam, Jarani"]
[Black "Lunde, Sigmund"]
[Result "0-1"]
[WhiteElo "1495"]
[BlackElo "1705"]
[PlyCount "46"]
[EventDate "2013.06.29"]
[EventType "swiss"]
[EventRounds "9"]
[EventCountry "NOR"]
[SourceTitle "EXT 2017"]
[Source "ChessBase"]
[SourceDate "2016.10.25"]
[SourceVersion "1"]
[SourceVersionDate "2016.10.25"]
[SourceQuality "1"]

1. e4 c5 2. Nf3 Nc6 3. d4 cxd4 4. Nxd4 Nf6 5. Nc3 e5 6. Ndb5 d6 7. Bg5 a6 8. Na3 b5 9. Nd5 h6 10. Be3 Nxd5 11. Qxd5 Bd7 12. c3 Rc8 13. Nc2 Be6 14. Qd2 d5 15. Qd3 dxe4 16. Qxe4 f5 17. Qf3 f4 18. Bd2 Bc5 19. Rd1 Qf6 20. g3 0-0 21. gxf4 exf4 22. Bg2 Bc4 23. Bf1 Rce8+ 0-1

[Event "Halden CC-ch"]
[Site "Halden"]
[Date "2012.01.24"]
[Round "7"]
[White "Lunde, Sigmund"]
[Black "Knudsen, Bjornar"]
[Result "1-0"]
[WhiteElo "1740"]
[BlackElo "1259"]
[PlyCount "63"]
[EventDate "2012.01.24"]
[EventType "swiss"]
[EventRounds "9"]
[EventCountry "NOR"]
[SourceTitle "EXT 2024"]
[Source "ChessBase"]
[SourceDate "2023.10.10"]
[SourceVersion "1"]
[SourceVersionDate "2023.10.10"]
[SourceQuality "1"]

1. e4 d5 2. e5 c5 3. c3 Nc6 4. f4 Bf5 5. Nf3 e6 6. d3 f6 7. Be2 h6 8. Nh4 Bh7 9. Bh5+ Kd7 10. Nf3 f5 11. Ng1 g6 12. Bf3 Bg7 13. Qb3 Kc7 14. Na3 a6 15. Be3 Bf8 16. Ne2 Qd7 17. Rc1 Na5 18. Qc2 Nc6 19. 0-0 Be7 20. Qd2 h5 21. b4 b6 22. bxc5 Bxc5 23. Bxc5 bxc5 24. Rb1 Nge7 25. Rfc1 Rhb8 26. Qe3 d4 27. cxd4 Rxb1 28. Nxb1 cxd4 29. Nxd4 Rd8 30. Nxc6 Nxc6 31. Rxc6+ Kb8 32. Qb6+ 1-0

[Event "Halden CC-ch"]
[Site "Halden"]
[Date "2012.01.24"]
[Round "1"]
[White "Lunde, Sigmund"]
[Black "Lauritsen, Tor"]
[Result "1-0"]
[WhiteElo "1740"]
[BlackElo "1226"]
[PlyCount "77"]
[EventDate "2012.01.24"]
[EventType "swiss"]
[EventRounds "9"]
[EventCountry "NOR"]
[SourceTitle "EXT 2024"]
[Source "ChessBase"]
[SourceDate "2023.10.10"]
[SourceVersion "1"]
[SourceVersionDate "2023.10.10"]
[SourceQuality "1"]

1. e4 e5 2. Nf3 Nc6 3. d4 Nxd4 4. Nxe5 Ne6 5. f4 d6 6. Nf3 Nc5 7. Nc3 Nf6 8. Qd4 c6 9. Bd2 Ng4 10. h3 Ne6 11. Qg1 Nf6 12. 0-0-0 Qc7 13. Be3 b6 14. g4 Bb7 15. g5 Nd7 16. Bc4 0-0-0 17. f5 Nec5 18. Bxf7 Ne5 19. Nxe5 dxe5 20. Rxd8+ Qxd8 21. g6 h6 22. Qg3 Qf6 23. Rd1 Be7 24. b4 Na6 25. Be6+ Kb8 26. b5 Nc7 27. bxc6 Bxc6 28. Nd5 Nxd5 29. exd5 Ba3+ 30. Kd2 Rd8 31. Ke1 Bb5 32. Kf2 Bd6 33. Bxh6 e4 34. Bf4 Qe7 35. f6 gxf6 36. Bxd6+ Rxd6 37. g7 Qc7 38. g8Q+ Kb7 39. Bc8+ 1-0

[Event "NOR-chB"]
[Site "Moss"]
[Date "2006.07.12"]
[Round "6"]
[White "Thjomoe, Hans Richard"]
[Black "Lunde, Sigmund"]
[Result "1-0"]
[WhiteElo "1717"]
[BlackElo "1579"]
[PlyCount "45"]
[EventDate "2006.07.08"]
[EventType "swiss"]
[EventRounds "9"]
[EventCountry "NOR"]
[SourceTitle "EXT 2007"]
[Source "ChessBase"]
[SourceDate "2006.11.23"]
[SourceVersion "1"]
[SourceVersionDate "2006.11.23"]
[SourceQuality "1"]

1. e4 c5 2. Nf3 Nc6 3. d4 cxd4 4. Nxd4 Nf6 5. Nc3 e5 6. Ndb5 d6 7. a4 a6 8. Na3 Be6 9. Bg5 Nd4 10. Bc4 Qc8 11. b3 Nxe4 12. Nxe4 d5 13. c3 h6 14. Bh4 Nf5 15. Bxd5 Nxh4 16. 0-0 Ng6 17. Nc4 Qc7 18. Bxe6 fxe6 19. Qh5 Kf7 20. Rad1 b5 21. Rd7+ Qxd7 22. Nxe5+ Ke7 23. Nxd7 1-0